000 00629nam a2200181Ia 4500
003 GCL
008 140319s9999 xx 000 0 ara d
040 _aGCL /
_cGCL
082 0 4 _a808.84
_bس و
100 1 _aسعد البواردى
245 1 0 _aوللسلام كلام /
_cسعد البواردى
250 _aالاولى
260 _aالرياض :
_bالجمعية العربية السعودية للثقافة والفنون ،
_c1401
300 _a420 ص ؛
_c24 سم
650 0 4 _aالمقالات العربية - مجموعات
650 0 4 _aالمقالات العربية - السعودية
942 _2ddc
_cBK
999 _c6945
_d6945